Faculty of Law Library — Cairo University

Official Online Catalog

المشكلة الفلسطينية : (Record no. 65911)

MARC details
000 -LEADER
fixed length control field 01394nam a2200301 4500
003 - CONTROL NUMBER IDENTIFIER
control field EG-GICUC
005 - DATE AND TIME OF LATEST TRANSACTION
control field 20260309133018.0
008 - FIXED-LENGTH DATA ELEMENTS--GENERAL INFORMATION
fixed length control field 260309s1970 ua ||||fr|||| 000 0 ara d
040 ## - CATALOGING SOURCE
Original cataloging agency EG-GICUC
Language of cataloging ara
Transcribing agency EG-GICUC
Modifying agency EG-GICUC
Description conventions rda
041 1# - LANGUAGE CODE
Language code of text/sound track or separate title ara
082 04 - DEWEY DECIMAL CLASSIFICATION NUMBER
Edition number 21
Classification number 341.28
Item number م ؤ . م
092 04 - LOCALLY ASSIGNED DEWEY CALL NUMBER (OCLC)
Edition number 21
099 ## - LOCAL FREE-TEXT CALL NUMBER (OCLC)
Classification number Law1 1970 341.28 م ؤ . م
111 2# - MAIN ENTRY--MEETING NAME
Meeting name or jurisdiction name as entry element المؤتمر الدولي للبرلمانيين حول قضية الشرق الأوسط ،
Relator term مؤلف.
245 12 - TITLE STATEMENT
Title المشكلة الفلسطينية :
Remainder of title وحق الشعب الفلسطيني فى تقرير مصيره فى ضوء القانون الدولى والإعلان العالمي لحقوق الإنسان /
Statement of responsibility, etc. صادر عن المؤتمر الدولي للبرلمانيين حول قضية الشرق الأوسط .
264 #1 - PRODUCTION, PUBLICATION, DISTRIBUTION, MANUFACTURE, AND COPYRIGHT NOTICE
Place of production, publication, distribution, manufacture القاهرة :
Name of producer, publisher, distributor, manufacturer مجلس الامة ،
Date of production, publication, distribution, manufacture, or copyright notice ١٩٧٠ .
300 ## - PHYSICAL DESCRIPTION
Extent 155 ؛ صفحة
Dimensions 18 سم
Other physical details إيضاحيات، صور، مثيليات ؛
336 ## - CONTENT TYPE
Source rda content
Content type term text
337 ## - MEDIA TYPE
Source rda media
Media type term Computer
338 ## - CARRIER TYPE
Source rda carrier
Carrier type term Online Resource
504 ## - BIBLIOGRAPHY, ETC. NOTE
Bibliography, etc. note يشتمل على ارجاعات ببليوجرافية
546 ## - LANGUAGE NOTE
Language note النص باللغة العربية
650 14 - SUBJECT ADDED ENTRY--TOPICAL TERM
Topical term or geographic name entry element المناطق غير المستقلة
Source of heading or term qrmak
651 1# - SUBJECT ADDED ENTRY--GEOGRAPHIC NAME
Source of heading or term qrmak
856 40 - ELECTRONIC LOCATION AND ACCESS
Uniform Resource Identifier <a href="https://fll.law.cu.edu.eg/fulltext/bks/B11-02084.pdf">https://fll.law.cu.edu.eg/fulltext/bks/B11-02084.pdf</a>
905 ## - Cataloger and Reviser Names
Cataloger Name: A'laa Ahmed
942 ## - ADDED ENTRY ELEMENTS (KOHA)
Source of classification or shelving scheme Dewey Decimal Classification
Suppress in OPAC No
Koha item type Books
Edition 21
Holdings
Withdrawn status Lost status Source of classification or shelving scheme Damaged status Not for loan Collection Home library Current library Date acquired Total checkouts Full call number Barcode Date last seen Copy number Price effective from Koha item type
    Dewey Decimal Classification   Not for loan القانون الدولي العام جــــامعة القــاهرة مكتبة كلية الحقوق - المبنى الرئيسي 09.03.2026   Law1 1970 1102084 341.28 م ؤ . م C1 B11-02084 09.03.2026 1 09.03.2026 Books
    Dewey Decimal Classification     القانون الدولي العام جــــامعة القــاهرة مكتبة كلية الحقوق - المبنى الرئيسي 09.03.2026   Law1 1970 1102083 341.28 م ؤ . م C2 B11-02083 09.03.2026 2 09.03.2026 Books

© All rights reserved — Faculty of Law, Cairo University